000 00610nam a2200229Ia 4500
003 OSt
005 20220924123317.0
006 a|||||r|||| 00| 0
007 ta
008 220923b |||||||| |||| 00| 0 kan d
024 _a336508
037 _cTextual
040 _aARTS
_cARTS
_bkan
041 _2kan
_akan
082 _aP31v, 33M0
100 _aManian Thanga Au.
_9192392
245 0 _aTamilu bhasha charitre
260 _aMysore
_bManikkam prakashana
_c1980
650 _aTAMIL LANGUAGE
942 _hP31v, 33M0
_cTEXL
_2CC
999 _c415223
_d415223